Wir weinten tränenlos ...: Augenzeugenberichte der jüdischen "Sonderkommandos" in Auschwitz
| 1. VerfasserIn: | |
|---|---|
| Beteiligte: | |
| Medienart: | Druck Buch |
| Sprache: | Deutsch |
| Veröffentlicht: |
Köln [u.a.]
Böhlau
1995
Köln Böhlau 1995 |
| In: | Jahr: 1995 |
| Online-Zugang: |
Inhaltsverzeichnis |
| Bestand in Tübingen: | In Tübingen vorhanden. UB: 35 A 5481 |
| Verfügbarkeit prüfen: | HBZ Gateway |
| Subito Bestelldienst: | Jetzt bestellen. |
| Schlagwörter: |
MARC
| LEADER | 00000cam a2200000 c 4500 | ||
|---|---|---|---|
| 001 | 180862472 | ||
| 003 | DE-627 | ||
| 005 | 20260206194632.0 | ||
| 007 | tu | ||
| 008 | 950203s1995 gw ||||| 00| ||ger c | ||
| 010 | |a 95140945 | ||
| 016 | 7 | |a 943415942 |2 DE-101 | |
| 020 | |a 341203794X |9 3-412-03794-X | ||
| 035 | |a (DE-627)180862472 | ||
| 035 | |a (DE-603)034382739 | ||
| 035 | |a (DE-576)040576728 | ||
| 035 | |a (DE-599)GBV180862472 | ||
| 035 | |a (OCoLC)844991886 | ||
| 035 | |a (OCoLC)441727897 | ||
| 035 | |a (DE-H357)his2304 | ||
| 040 | |a DE-627 |b ger |c DE-627 |e rakwb | ||
| 041 | |a ger | ||
| 044 | |c XA-DE |c XA-AT | ||
| 050 | 0 | |a D805.5.A96 | |
| 050 | 0 | |a D805.P7 | |
| 082 | 0 | |a 940.53/18/0922 | |
| 082 | 0 | |a B | |
| 082 | 0 | |a 940.53180922 |a B |q LoC |2 DDC20oclc | |
| 082 | 0 | 4 | |a 63 |q dnb |
| 084 | |a GESCH 431 AUSCH (99) |2 sfb | ||
| 084 | |a 63 |2 sdnb | ||
| 084 | |a NQ 2350 |2 rvk |0 (DE-625)rvk/128254: | ||
| 084 | |a BD 7100 |2 rvk |0 (DE-625)rvk/10250: | ||
| 084 | |a 15.37 |2 bkl | ||
| 084 | |a 15.72 |2 bkl | ||
| 084 | |a 89.21 |2 bkl | ||
| 084 | |a 15.43 |2 bkl | ||
| 100 | 1 | |a Graif, Gidʿon |d 1951- |0 (DE-588)120763230 |0 (DE-627)080874444 |0 (DE-576)292373872 |4 aut | |
| 109 | |a Graif, Gidʿon 1951- |a Greif, Gideon 1951- |a Graif, Gidʿôn 1951- |a Greif, Gidon 1951- |a Grajf, Gideon 1951- |a Grayf, Gidʿôn 1951- |a Hrojf, Hideon 1951- | ||
| 245 | 1 | 0 | |a Wir weinten tränenlos ... |b Augenzeugenberichte der jüdischen "Sonderkommandos" in Auschwitz |c Gideon Greif. [Aus dem Hebräischen übers. von Matthias Schmidt] |
| 264 | 1 | |a Köln [u.a.] |b Böhlau |c 1995 | |
| 264 | 1 | |a Köln |b Böhlau |c 1995 | |
| 300 | |a LI, 307 S. |b Ill. | ||
| 336 | |a Text |b txt |2 rdacontent | ||
| 337 | |a ohne Hilfsmittel zu benutzen |b n |2 rdamedia | ||
| 338 | |a Band |b nc |2 rdacarrier | ||
| 500 | |a Includes bibliographical references | ||
| 505 | 8 | |a Literaturangaben | |
| 583 | 1 | |a Archivierung/Langzeitarchivierung gewährleistet |f SLG |x XA-DE-BW |z BfZ |2 pdager |5 DE-24 | |
| 583 | 1 | |a Archivierung/Langzeitarchivierung gewährleistet |f SSG |x XA-DE-BW |2 pdager |5 DE-21 | |
| 610 | 1 | 0 | |a Auschwitz (Concentration camp) |
| 610 | 2 | 7 | |0 (DE-588)4011886-1 |0 (DE-627)106350544 |0 (DE-576)208896171 |a Konzentrationslager Auschwitz |b Lager Birkenau |2 gnd |
| 610 | 2 | 4 | |a Auschwitz / Konzentrationslager / Lager Birkenau |
| 648 | 7 | |a Geschichte |2 gnd | |
| 650 | 0 | |a Holocaust, Jewish (1939-1945) |z Poland |v Personal narratives | |
| 650 | 0 | |a World War, 1939-1945 |x Atrocities |z Poland | |
| 650 | 0 | |a World War, 1939-1945 |v Personal narratives, Jewish | |
| 650 | 0 | |a Sonderkommandos |v Interviews | |
| 650 | 0 | 7 | |0 (DE-588)4347784-7 |0 (DE-627)156895951 |0 (DE-576)211488763 |a Sonderkommando |2 gnd |
| 650 | 4 | |a Holocaust/Judenvernichtung | |
| 650 | 4 | |a persecution of Jews/Holocaust | |
| 650 | 4 | |a Biography | |
| 650 | 4 | |a Sonderkommando | |
| 651 | 7 | |a Polen |2 gnd | |
| 655 | 4 | |a Geschichte | |
| 655 | 7 | |a Biografie |0 (DE-588)4006804-3 |0 (DE-627)104213493 |0 (DE-576)208867147 |2 gnd-content | |
| 655 | 7 | |a Erlebnisbericht |0 (DE-588)4133254-4 |0 (DE-627)105681490 |0 (DE-576)209642378 |2 gnd-content | |
| 689 | 0 | 0 | |d b |0 (DE-588)4011886-1 |0 (DE-627)106350544 |0 (DE-576)208896171 |a Konzentrationslager Auschwitz |b Lager Birkenau |2 gnd |
| 689 | 0 | 1 | |d s |0 (DE-588)4347784-7 |0 (DE-627)156895951 |0 (DE-576)211488763 |a Sonderkommando |2 gnd |
| 689 | 0 | 2 | |a z |2 gnd |a Geschichte |
| 689 | 0 | |5 DE-101 | |
| 700 | 1 | |a Schmidt, Matthias |d 1952- |0 (DE-588)130473588 |0 (DE-627)502219203 |0 (DE-576)298217627 |4 oth | |
| 856 | 4 | 2 | |u http://scans.hebis.de/HEBCGI/show.pl?03438273_toc.pdf |m V:DE-603;B:DE-Mb50 |q application/pdf |3 Inhaltsverzeichnis |7 1 |
| 935 | |a mkri | ||
| 935 | |i Blocktest | ||
| 935 | |h HEB |i 0501 | ||
| 935 | |h HEB |i 0503 | ||
| 936 | r | v | |a NQ 2350 |b Konzentrationslager, Euthanasie etc. |k Geschichte |k Geschichte seit 1918 |k Drittes Reich |k Innere Geschichte |k NS-Terror |k Konzentrationslager, Euthanasie etc. |0 (DE-627)1270875485 |0 (DE-625)rvk/128254: |0 (DE-576)200875485 |
| 936 | r | v | |a BD 7100 |b Judenvernichtung (1933 - 1945), Gesamtdarstellungen |k Theologie und Religionswissenschaften |k Judaistik |k Religions- und Kulturgeschichte der Juden |k 20. und 21. Jahrhundert (seit ca. 1930) |k Judenvernichtung (1933 - 1945) |k Judenvernichtung (1933 - 1945), Gesamtdarstellungen |0 (DE-627)1544311079 |0 (DE-625)rvk/10250: |0 (DE-576)474311074 |
| 936 | b | k | |a 15.37 |j Europäische Geschichte 1914-1945 |0 (DE-627)181569809 |
| 936 | b | k | |a 15.72 |j Polen |x Geschichte |0 (DE-627)181570343 |
| 936 | b | k | |a 89.21 |j Faschismus |0 (DE-627)106414607 |
| 936 | b | k | |a 15.43 |j Deutsche Geschichte des 19. Jahrhunderts bis zur Gegenwart |0 (DE-627)181569701 |
| 936 | s | n | |a n100 |2 mzub |
| 936 | s | n | |a b100 |2 mzub |
| 951 | |a BO | ||
| ELC | |b 1 | ||
| LOK | |0 000 xxxxxcx a22 zn 4500 | ||
| LOK | |0 001 3257905661 | ||
| LOK | |0 003 DE-627 | ||
| LOK | |0 004 180862472 | ||
| LOK | |0 005 19951013000000 | ||
| LOK | |0 008 950504||||||||||||||||ger||||||| | ||
| LOK | |0 040 |a DE-21 |c DE-627 |d DE-21 | ||
| LOK | |0 852 |a DE-21 | ||
| LOK | |0 852 1 |c 35 A 5481 |9 00 | ||
| LOK | |0 938 |l 25 |8 2 | ||
| LOK | |0 939 |a 04-05-95 |b l01 | ||
| LOK | |0 000 xxxxxcx a22 zn 4500 | ||
| LOK | |0 001 3257905785 | ||
| LOK | |0 003 DE-627 | ||
| LOK | |0 004 180862472 | ||
| LOK | |0 005 20250212094217 | ||
| LOK | |0 008 050824||||||||||||||||ger||||||| | ||
| LOK | |0 040 |a DE-21-106 |c DE-627 |d DE-21-106 | ||
| LOK | |0 541 |e 13/95 | ||
| LOK | |0 852 |a DE-21-106 | ||
| LOK | |0 852 1 |c L IX Gre G |m p |9 00 | ||
| LOK | |0 935 |a k106 | ||
| LOK | |0 938 |k p | ||
| LOK | |0 939 |a 24-08-05 |b l01 | ||
| LOK | |0 000 xxxxxcx a22 zn 4500 | ||
| LOK | |0 001 3257906676 | ||
| LOK | |0 003 DE-627 | ||
| LOK | |0 004 180862472 | ||
| LOK | |0 005 19950117000000 | ||
| LOK | |0 008 950117||||||||||||||||ger||||||| | ||
| LOK | |0 040 |a DE-Frei85 |c DE-627 |d DE-Frei85 | ||
| LOK | |0 852 |a DE-Frei85 | ||
| LOK | |0 852 1 |m p |9 00 | ||
| LOK | |0 938 |k p | ||
| LOK | |0 939 |a 17-01-95 |b l01 | ||
| ORI | |a SA-MARC-krimdoka001.raw | ||
| SIG | |a UB: 35 A 5481 | ||
| TIM | |a 100019410101_100019451231 |b 1941 - 1945 | ||
